000 01100nam a22003257a 4500
003 CHAP
005 20220329135320.0
008 971013s1972 r 00010 d
010 _a34281
011 _a35253
035 _a39369
040 _cCHAP
090 _aTesis
100 0 0 _aLuna Rivera, Sergio.
_969104
245 _aPlaneación de una explotación de engorda de bovinos en corral, para el otorgamiento de crédito a ejidatarios
260 _aMéxico, D.F. :
_bEl autor,
_c1972
300 _a27 h.
_b: gráfs.
502 _aTesis (Médico Veterinario Zootecnista) -- UNAM. Fac. de Medicina Veterinaria y Zootecnia
590 _aALEPH
_b10
_c20130110
_lUCH01
_h1259
590 _aBATCH-UPD
_b10
_c20130110
_lUCH01
_h1436
590 _aBATCH-UPD
_b10
_c20130410
_lUCH01
_h0910
590 _aBATCH-UPD
_b10
_c20130914
_lUCH01
_h1104
590 _aCONVERSION
_b10
_c20130109
_lUCH01
_h1319
650 1 4 _aCrédito ganadero.
_929104
650 1 4 _aGanadería cooperativa.
_944871
650 1 4 _aGanado vacuno.
_945425
901 _aBK
942 _cTESIS
949 _bBC
_cTES
_d-89769
_eTS1
_i39369
_si
999 _c34281
_d34281